Normal view
MARC view
- Parkinson, C. Northcote
Entry Personal Name
001 - CONTROL NUMBER
- control field: 5936
003 - CONTROL NUMBER IDENTIFIER
- control field: OSt
005 - DATE AND TIME OF LATEST TRANSACTION
- control field: 20170518104655.0
008 - FIXED-LENGTH DATA ELEMENTS
- fixed length control field: 170518|| aca||aabn | a|a d
040 ## - CATALOGING SOURCE
- Original cataloging agency: OSt
- Transcribing agency: OSt
100 ## - HEADING--PERSONAL NAME
- Personal name: Parkinson, C. Northcote
- Fuller form of name: (Cyril Northcote),
- Dates associated with a name: 1909-1959
670 ## - SOURCE DATA FOUND
- Source citation: Work cat.: (OSt)0: Parkinson, C. Northcote (Cyril Northcote), 1909-1959, All about balance sheets /, 1983

PORTAL AKMAL
E-MEL JKDM
AKMAL2U
G-BAM
u-PUSTAKA